[Event "BL2-Ost 1112"]
[Site "Germany"]
[Date "2011.10.02"]
[Round "1.3"]
[White "Neuman, Petr"]
[Black "Mons, Leon"]
[Result "1/2-1/2"]
[WhiteElo "2463"]
[BlackElo "2296"]
[PlyCount "144"]
[EventDate "2011.10.02"]
[EventType "team-tourn"]
[EventRounds "9"]
[EventCountry "GER"]
[SourceTitle "EXT 2015"]
[Source "ChessBase"]
[SourceDate "2014.11.20"]
[SourceVersion "1"]
[SourceVersionDate "2014.11.20"]
[SourceQuality "1"]
[WhiteTeam "Bindlach"]
[BlackTeam "Forchheim"]
[WhiteTeamCountry "GER"]
[BlackTeamCountry "GER"]

1. e4 e5 2. Nf3 Nc6 3. c3 Nf6 4. d3 a6 5. Be2 Bc5 6. O-O d6 7. b4 Ba7 8. a4 Ne7
9. Re1 O-O 10. h3 Ng6 11. Bf1 d5 12. Qc2 Re8 13. Be3 Bxe3 14. Rxe3 Qd6 15. Re1
a5 16. Nbd2 b6 17. bxa5 Rxa5 18. exd5 Qxd5 19. Nc4 Ra8 20. d4 exd4 21. Rxe8+
Nxe8 22. cxd4 Bf5 23. Qc3 Qc6 24. Qb4 Be6 25. Nce5 Qd6 26. Qxd6 Nxd6 27. Rc1
Ra7 28. Nd2 f6 29. Nxg6 hxg6 30. Bd3 Kf7 31. Bc2 Bd5 32. Nb1 g5 33. Nc3 Bc4 34.
f3 Ke6 35. Kf2 Kd7 36. Ke3 Ra5 37. Kf2 Ra8 38. Ke3 Re8+ 39. Kf2 c6 40. Ne4 Bd5
41. Nc3 Be6 42. Bd3 Ra8 43. Rb1 Kc7 44. Re1 Kd7 45. Rb1 Kc7 46. Re1 Bf7 47. Rc1
Ra5 48. Re1 Ra8 49. Rc1 Kb7 50. Re1 Re8 51. Rb1 Ra8 52. Re1 Re8 53. Rb1 Bc4 54.
Bg6 Re7 55. Bc2 Ka6 56. Ne4 Ka5 57. g4 Rd7 58. Ke3 Bd5 59. Nxd6 Rxd6 60. Be4
Bc4 61. Rc1 b5 62. axb5 cxb5 63. d5 g6 64. Kd4 Kb6 65. Rh1 f5 66. gxf5 gxf5 67.
Ke5 fxe4 68. Kxd6 exf3 69. Rh2 b4 70. Ke5 b3 71. Rb2 Kc7 72. Ke4 Kd6 1/2-1/2

[Event "Budapesti csapatbajnokság 2011-12"]
[Site "Budapest"]
[Date "2011.10.02"]
[Round "1"]
[White "Csapo, Zoltan"]
[Black "Fordan, Tibor"]
[Result "1/2-1/2"]
[WhiteElo "2113"]
[BlackElo "2253"]
[PlyCount "71"]
[EventDate "2011.10.02"]
[EventType "tourn"]
[EventRounds "11"]
[EventCountry "HUN"]
[SourceTitle "OM OTB B 201907"]
[Source "Opening Master"]
[SourceDate "2019.07.06"]
[SourceVersion "2"]
[SourceVersionDate "2019.07.06"]
[SourceQuality "1"]

1. e4 e5 2. Nf3 Nc6 3. c3 Nf6 4. d4 exd4 5. e5 Nd5 6. Bc4 Nb6 7. Bb3 Be7 8. O-O
O-O 9. cxd4 d5 10. exd6 Qxd6 11. Nc3 Bg4 12. Be3 Rad8 13. h3 Bh5 14. g4 Bg6 15.
Qd2 Bf6 16. Rfd1 Na5 17. Bf4 Qd7 18. Ne5 Bxe5 19. dxe5 Qe7 20. Bg5 Rxd2 21.
Bxe7 Rxd1+ 22. Rxd1 Re8 23. Rd8 Rxd8 24. Bxd8 Nxb3 25. axb3 c6 26. Bxb6 axb6
27. f4 Bc2 28. b4 Kf8 29. Kf2 Ke7 30. Ke3 Kd7 31. Ne4 Bb3 32. f5 Bd5 33. h4 h6
34. h5 Bxe4 35. Kxe4 f6 36. Kd4 1/2-1/2

[Event "Maresme op 8th"]
[Site "Maresme"]
[Date "2011.10.01"]
[Round "2"]
[White "Maynat Anglas, Josep"]
[Black "Shukorov, Artem"]
[Result "1/2-1/2"]
[WhiteElo "1843"]
[BlackElo "1708"]
[PlyCount "146"]
[EventDate "2011.09.24"]
[EventType "swiss"]
[EventRounds "9"]
[EventCountry "ESP"]
[SourceTitle "EXT 2013"]
[Source "ChessBase"]
[SourceDate "2012.11.22"]
[SourceVersion "1"]
[SourceVersionDate "2012.11.22"]
[SourceQuality "1"]

1. e4 e5 2. Nf3 Nc6 3. c3 Nf6 4. Qc2 Bc5 5. Be2 O-O 6. O-O d5 7. d3 Bg4 8. h3
Bh5 9. Bg5 Qd6 10. Bxf6 gxf6 11. Nbd2 Kh8 12. Rfe1 Rg8 13. exd5 Qxd5 14. Ne4 f5
15. Nf6 Qe6 16. Nxh5 f4 17. Nxe5 Nxe5 18. Nxf4 Qf5 19. Qc1 Ng6 20. Bg4 Qxf4 21.
Qxf4 Nxf4 22. d4 Bd6 23. g3 Ng6 24. a3 Rae8 25. c4 c6 26. Kf1 Re7 27. Rxe7 Bxe7
28. Re1 Rd8 29. Bf5 Bf6 30. Re4 Bxd4 31. b3 Bc3 32. h4 Rd1+ 33. Kg2 Re1 34.
Rxe1 Bxe1 35. Bc8 b6 36. Bb7 c5 37. f4 Kg7 38. Kf3 Ne7 39. Kg4 f5+ 40. Kf3 Ng8
41. Bc8 Kg6 42. h5+ Kxh5 43. Bxf5 Ne7 44. Bxh7 Kh6 45. Be4 Bc3 46. g4 Kg7 47.
g5 Bd4 48. f5 Kf7 49. Kf4 Bb2 50. a4 Bd4 51. Bb7 Bb2 52. Ke4 Bd4 53. Bd5+ Nxd5
54. Kxd5 Ke7 55. Kc6 Kd8 56. Kb7 Kd7 57. Kxa7 Kc7 58. Ka6 Bc3 59. Kb5 Kb7 60.
f6 Kc7 61. f7 Bg7 62. a5 bxa5 63. Kxc5 Kd7 64. Kb5 Ke7 65. g6 Kf6 66. Kxa5 Kxg6
67. b4 Kxf7 68. Kb6 Ke7 69. b5 Kd7 70. Kb7 Bd4 71. b6 Kd6 72. Ka6 Kc6 73. b7
Be5 1/2-1/2

[Event "Madrid San Viator op 17th"]
[Site "Madrid"]
[Date "2011.10.01"]
[Round "2"]
[White "Cabanas Jimenez, Andres"]
[Black "Alonso Herrero, Ignacio"]
[Result "1-0"]
[WhiteElo "2229"]
[BlackElo "1812"]
[PlyCount "83"]
[EventDate "2011.09.25"]
[EventType "swiss"]
[EventRounds "9"]
[EventCountry "ESP"]
[SourceTitle "EXT 2012"]
[Source "ChessBase"]
[SourceDate "2011.11.24"]
[SourceVersion "1"]
[SourceVersionDate "2011.11.24"]
[SourceQuality "1"]

1. e4 e5 2. Nf3 Nc6 3. c3 Nf6 4. d4 exd4 5. e5 Qe7 6. cxd4 d6 7. Bb5 Bd7 8. O-O
Nd5 9. Bg5 Qe6 10. Re1 Be7 11. Nc3 Nxc3 12. bxc3 d5 13. Bd3 O-O 14. Bf4 Qg4 15.
Bg3 Nd8 16. h3 Qh5 17. Be2 Qg6 18. Nh2 Bf5 19. Bh5 Qc6 20. Qd2 Ne6 21. f4 Qb6
22. Bg4 Bxg4 23. Nxg4 c5 24. Rab1 Qa6 25. Bf2 Rfd8 26. Be3 cxd4 27. cxd4 Rac8
28. f5 Nf8 29. f6 gxf6 30. exf6 Bxf6 31. Nxf6+ Qxf6 32. Bg5 Qg6 33. Bxd8 Ne6
34. Rxe6 Qxe6 35. Re1 Qf5 36. Qg5+ Qxg5 37. Bxg5 Rc2 38. Bh6 f6 39. Re7 Rxa2
40. Rxb7 a5 41. Rg7+ Kh8 42. Rf7 1-0

[Event "Goch op 22nd"]
[Site "Goch"]
[Date "2011.09.30"]
[Round "3"]
[White "Frericks, Harald"]
[Black "Avis, Fred"]
[Result "1/2-1/2"]
[WhiteElo "2283"]
[BlackElo "1999"]
[PlyCount "31"]
[EventDate "2011.09.29"]
[EventType "swiss"]
[EventRounds "7"]
[EventCountry "GER"]
[SourceTitle "EXT 2014"]
[Source "ChessBase"]
[SourceDate "2013.11.20"]
[SourceVersion "1"]
[SourceVersionDate "2013.11.20"]
[SourceQuality "1"]

1. e4 e5 2. Nf3 Nc6 3. c3 d5 4. Qa4 Bd7 5. exd5 Nd4 6. Qd1 Nxf3+ 7. Qxf3 Nf6 8.
Bc4 b5 9. Be2 Bd6 10. h3 e4 11. Qe3 O-O 12. c4 bxc4 13. Bxc4 Re8 14. Nc3 Nh5
15. g4 Nf4 16. Kf1 1/2-1/2

[Event "CP-2011-P-00039"]
[Site "Lechenicher SchachServer"]
[Date "2011.09.30"]
[Round "?"]
[White "Laine, Jari"]
[Black "Saganauer, Richard"]
[Result "0-1"]
[WhiteElo "1768"]
[BlackElo "1578"]
[PlyCount "92"]
[EventDate "2011.10.01"]
[SourceTitle "OM Corr 202003"]
[Source "Opening Master"]
[SourceDate "2019.05.30"]
[SourceVersion "2"]
[SourceVersionDate "2019.05.30"]
[SourceQuality "1"]

1. e4 e5 2. Nf3 Nc6 3. c3 d5 4. Qa4 f6 5. Bb5 Nge7 6. exd5 Qxd5 7. d4 e4 8. c4
Qd8 9. Nfd2 Kf7 10. Nxe4 Nxd4 11. c5 Nxb5 12. Qxb5 Qd7 13. Qb3+ Qe6 14. Nbd2
Nc6 15. O-O Qxb3 16. Nxb3 Be6 17. Be3 Be7 18. Nd4 Nxd4 19. Bxd4 f5 20. Nc3 Rhd8
21. Rfd1 Rd7 22. Be5 Rad8 23. Rxd7 Rxd7 24. b4 c6 25. a3 Rd2 26. g3 Bf6 27.
Bxf6 Kxf6 28. Re1 Rc2 29. Re3 g5 30. f4 gxf4 31. gxf4 Bc4 32. Rh3 h5 33. a4 a6
34. a5 Bf7 35. Rd3 h4 36. Rh3 Kg6 37. Rd3 Rb2 38. Rd6+ Kg7 39. Rd7 Rxb4 40. Ne2
Kg6 41. Rd6+ Kh5 42. h3 Bd5 43. Rd7 Rb3 44. Rg7 Kh6 45. Rg5 Rf3 46. Rxf5 Rxh3
0-1

[Event "CP-2011-P-00065"]
[Site "Lechenicher SchachServer"]
[Date "2011.09.30"]
[Round "?"]
[White "Segovia, Didier"]
[Black "Komissarov, Yaroslav"]
[Result "0-1"]
[WhiteElo "554"]
[BlackElo "1859"]
[PlyCount "44"]
[EventDate "2011.10.01"]

1. e4 e5 2. Nf3 Nc6 3. c3 d5 4. Bb5 dxe4 5. Bxc6+ bxc6 6. Nxe5 Qd5 7. Nxf7 Kxf7
8. O-O Nf6 9. Qb3 Qxb3 10. axb3 Be6 11. Na3 Bxb3 12. f3 Bc5+ 13. Kh1 Kg6 14.
fxe4 Nxe4 15. d4 Bd6 16. Be3 Rhf8 17. Rxf8 Rxf8 18. Re1 Nf2+ 19. Kg1 Ng4 20. h3
Bh2+ 21. Kh1 Bg3 22. Rc1 Nxe3 0-1

[Event "Tatry op"]
[Site "Tatranske Zruby"]
[Date "2011.09.27"]
[Round "3"]
[White "Skrabakova, Katarina"]
[Black "Nahalka, Jan"]
[Result "1-0"]
[WhiteElo "2047"]
[BlackElo "1892"]
[PlyCount "45"]
[EventDate "2011.09.25"]
[EventType "swiss"]
[EventRounds "9"]
[EventCountry "SVK"]
[SourceTitle "CBM 144 Extra"]
[Source "ChessBase"]
[SourceDate "2011.10.28"]
[SourceVersion "1"]
[SourceVersionDate "2011.10.28"]
[SourceQuality "1"]

1. e4 e5 2. Nf3 Nc6 3. c3 d5 4. Qa4 Bd7 5. exd5 Nd4 6. Qd1 Nxf3+ 7. Qxf3 Qf6 8.
Be2 O-O-O 9. O-O Bd6 10. d3 Qxf3 11. Bxf3 f5 12. Nd2 Nf6 13. Re1 h6 14. Nc4
Rde8 15. Nxd6+ cxd6 16. c4 Kb8 17. b3 Bc8 18. Ba3 Rd8 19. Bd1 f4 20. Bc2 Rhe8
21. f3 g5 22. d4 g4 23. Bxd6+ 1-0

[Event "HUN-chT2 Erkel 1112"]
[Site "Hungary"]
[Date "2011.09.25"]
[Round "1.4"]
[White "Torok, Tamas Titusz"]
[Black "Centgraf, Jozsef"]
[Result "1-0"]
[WhiteElo "2076"]
[BlackElo "2262"]
[PlyCount "59"]
[EventDate "2011.09.25"]
[EventType "team-tourn"]
[EventRounds "11"]
[EventCountry "HUN"]
[SourceTitle "EXT 2013"]
[Source "ChessBase"]
[SourceDate "2012.11.22"]
[SourceVersion "1"]
[SourceVersionDate "2012.11.22"]
[SourceQuality "1"]
[WhiteTeam "Pestszentlorinc"]
[BlackTeam "Sarkany"]
[WhiteTeamCountry "HUN"]
[BlackTeamCountry "HUN"]

1. e4 e5 2. Nf3 Nc6 3. c3 d5 4. Qa4 Nf6 5. Nxe5 Bd6 6. Nxc6 bxc6 7. d3 O-O 8.
Be2 Re8 9. Bg5 Bd7 10. Nd2 Rb8 11. Qc2 h6 12. Be3 dxe4 13. dxe4 Qe7 14. Bf3 c5
15. O-O Bc6 16. Rfe1 Bxe4 17. Nxe4 Nxe4 18. Bxc5 Bxc5 19. Rxe4 Qf6 20. Rae1
Rxe4 21. Rxe4 Rd8 22. Qe2 g6 23. g3 Rd7 24. a3 Re7 25. Kg2 Kg7 26. h4 Rxe4 27.
Qxe4 h5 28. b4 Bb6 29. c4 Qd4 30. c5 1-0

[Event "FICGS__CHESS__CLASS_F__000101"]
[Site "FICGS"]
[Date "2011.09.25"]
[Round "1"]
[White "Melquiades, Jay"]
[Black "Malween, Denis"]
[Result "0-1"]
[WhiteElo "962"]
[BlackElo "1200"]
[PlyCount "70"]
[EventDate "2011.??.??"]

1. e4 e5 2. Nf3 Nc6 3. c3 f5 4. d3 d6 5. Nbd2 Nf6 6. Qb3 Na5 7. Qa4+ Nc6 8. d4
exd4 9. Nxd4 Bd7 10. Qc4 fxe4 11. f3 d5 12. Qb3 Rb8 13. fxe4 dxe4 14. Bc4 Ne5
15. Nf1 Nxc4 16. Qxc4 b6 17. h4 c5 18. Ne3 cxd4 19. cxd4 Bd6 20. Nd5 Rc8 21.
Qb3 Nxd5 22. Bg5 Ne7 23. O-O Qc7 24. Rac1 Qb7 25. Rxc8+ Bxc8 26. Qf7+ Kd8 27.
Qxg7 Re8 28. Rf7 Be6 29. Rf8 Rxf8 30. Qxf8+ Kd7 31. b3 Qd5 32. a4 Qxd4+ 33. Kf1
Qd1+ 34. Kf2 Bc5+ 35. Be3 Qc2+ 0-1

[Event "FICGS__CHESS__RAPID_E__000062"]
[Site "FICGS"]
[Date "2011.09.23"]
[Round "1"]
[White "Melquiades, Jay"]
[Black "Häkkinen, Jorma"]
[Result "0-1"]
[WhiteElo "962"]
[BlackElo "1258"]
[PlyCount "52"]
[EventDate "2011.??.??"]
[EventType "rapid"]

1. e4 e5 2. Nf3 Nc6 3. c3 f5 4. d3 h6 5. Be3 fxe4 6. dxe4 Nf6 7. Nbd2 Be7 8.
Qb3 d6 9. Ng5 hxg5 10. Bxg5 Ng4 11. O-O-O Nxf2 12. Re1 Nxh1 13. Bxe7 Qxe7 14.
Nf3 b6 15. Bb5 Bb7 16. Nd4 exd4 17. Bc4 O-O-O 18. Be6+ Kb8 19. Rxh1 dxc3 20.
bxc3 Ne5 21. Bd5 Bxd5 22. Qxd5 Rhf8 23. Kc2 Rf2+ 24. Kb3 Qf7 25. Rd1 Qxd5+ 26.
Rxd5 Rxg2 0-1

[Event "FICGS__CHESS__RAPID_E__000062"]
[Site "FICGS"]
[Date "2011.09.23"]
[Round "1"]
[White "Melquiades, Jay"]
[Black "Leurette, Marc-Antoine"]
[Result "0-1"]
[WhiteElo "962"]
[BlackElo "1267"]
[PlyCount "36"]
[EventDate "2011.??.??"]
[EventType "rapid"]

1. e4 e5 2. Nf3 Nc6 3. c3 Nf6 4. Ng5 d5 5. d3 dxe4 6. Nxe4 Nxe4 7. dxe4 Qxd1+
8. Kxd1 Be6 9. Nd2 O-O-O 10. Bb5 Bc5 11. h3 Rd6 12. Ke2 a6 13. Bxa6 bxa6 14.
Nf3 Bc4+ 15. Ke1 Rhd8 16. Bd2 g6 17. Ng5 Rxd2 18. b3 Bxf2# 0-1

[Event "FIN-chT 1112"]
[Site "Finland"]
[Date "2011.09.18"]
[Round "2.6"]
[White "Kiltti, Jyrki"]
[Black "Kilpi, Teemu"]
[Result "1/2-1/2"]
[WhiteElo "2271"]
[BlackElo "2135"]
[PlyCount "21"]
[EventDate "2011.09.17"]
[EventType "team-tourn"]
[EventRounds "11"]
[EventCountry "FIN"]
[SourceTitle "CBM 144 Extra"]
[Source "ChessBase"]
[SourceDate "2011.10.28"]
[SourceVersion "1"]
[SourceVersionDate "2011.10.28"]
[SourceQuality "1"]
[WhiteTeam "Tampere"]
[BlackTeam "Oulu"]
[WhiteTeamCountry "FIN"]
[BlackTeamCountry "FIN"]

1. e4 e5 2. Nf3 Nc6 3. c3 Nf6 4. d4 Nxe4 5. dxe5 d5 6. Bb5 Be7 7. O-O O-O 8. c4
dxc4 9. Qe2 Qd3 10. Qxd3 cxd3 11. Bxd3 1/2-1/2

[Event "Zlatni Rat op 2nd"]
[Site "Bol"]
[Date "2011.09.16"]
[Round "8"]
[White "Zelic, Mladen"]
[Black "Kozarcanin, Sead"]
[Result "1/2-1/2"]
[WhiteElo "2264"]
[BlackElo "2158"]
[PlyCount "45"]
[EventDate "2011.09.10"]
[EventType "swiss"]
[EventRounds "9"]
[EventCountry "CRO"]
[SourceTitle "CBM 144 Extra"]
[Source "ChessBase"]
[SourceDate "2011.10.28"]
[SourceVersion "1"]
[SourceVersionDate "2011.10.28"]
[SourceQuality "1"]

1. e4 e5 2. Nf3 Nc6 3. c3 d6 4. d4 Nf6 5. Bb5 Bd7 6. O-O Be7 7. Re1 O-O 8. Nbd2
exd4 9. cxd4 a6 10. Bd3 Bg4 11. h3 Bh5 12. Qb3 Rb8 13. e5 dxe5 14. dxe5 Nd7 15.
Qc2 Bg6 16. Bxg6 hxg6 17. Nc4 Nb6 18. Qe4 Nxc4 19. Qxc4 Qd7 20. Qe2 Na7 21. Ng5
Bxg5 22. Bxg5 Nb5 23. Qg4 1/2-1/2

[Event "ZH-2011-0-00631"]
[Site "Lechenicher SchachServer"]
[Date "2011.09.14"]
[Round "?"]
[White "Cossmann, Robert"]
[Black "Nemec, Zdenek"]
[Result "1/2-1/2"]
[WhiteElo "2149"]
[BlackElo "2186"]
[PlyCount "94"]
[EventDate "2011.08.28"]
[SourceTitle "OM Corr 202003"]
[Source "Opening Master"]
[SourceDate "2019.05.30"]
[SourceVersion "2"]
[SourceVersionDate "2019.05.30"]
[SourceQuality "1"]

1. e4 e5 2. Nf3 Nc6 3. c3 Nf6 4. d4 Nxe4 5. d5 Ne7 6. Nxe5 Ng6 7. Nxg6 hxg6 8.
Bd3 Nc5 9. Bc2 d6 10. Be3 Qh4 11. Nd2 Bg4 12. Nf3 Qh5 13. Bxc5 Bxf3 14. gxf3
dxc5 15. Qe2+ Kd8 16. O-O-O Bd6 17. Qb5 Rb8 18. Rhe1 a6 19. Qa4 Qxf3 20. Kb1
Qh3 21. c4 Qd7 22. Qa5 Kc8 23. b4 Kd8 24. bxc5 b6 25. Qxa6 bxc5+ 26. Ka1 Qc8
27. Qxc8+ Kxc8 28. a3 f6 29. Rb1 Be5+ 30. Ka2 Rxh2 31. Rxb8+ Kxb8 32. Bxg6
Rxf2+ 33. Kb3 Rf4 34. Rh1 Kb7 35. Be8 Kb6 36. Bd7 g5 37. Rh8 c6 38. Rc8 cxd5
39. Rc6+ Ka7 40. cxd5 Rd4 41. Rxc5 Bd6 42. Rc6 Rxd5 43. Bc8 Kb8 44. a4 Bc7 45.
Be6 Rd4 46. Rc4 Rd1 47. Kb4 Kb7 1/2-1/2

[Event "GER-chT Seniors 20th"]
[Site "Gladenbach"]
[Date "2011.09.13"]
[Round "3.3"]
[White "Kirmas, Joachim"]
[Black "Krug, Peter"]
[Result "0-1"]
[WhiteElo "1908"]
[BlackElo "2081"]
[PlyCount "76"]
[EventDate "2011.09.11"]
[EventType "team-swiss"]
[EventRounds "7"]
[EventCountry "GER"]
[SourceTitle "CBM 144 Extra"]
[Source "ChessBase"]
[SourceDate "2011.10.28"]
[SourceVersion "1"]
[SourceVersionDate "2011.10.28"]
[SourceQuality "1"]
[WhiteTeam "Sachsen Anhalt II"]
[BlackTeam "Berlin II"]
[WhiteTeamCountry "GER"]
[BlackTeamCountry "GER"]

1. e4 e5 2. Nf3 Nc6 3. c3 d5 4. Qa4 Bd7 5. exd5 Nd4 6. Qd1 Nxf3+ 7. Qxf3 Nf6 8.
Bc4 Bd6 9. O-O e4 10. Qe2 O-O 11. h3 Re8 12. Na3 Re5 13. Nc2 Nxd5 14. Bxd5 Rxd5
15. Ne3 Rg5 16. f4 exf3 17. Qxf3 f6 18. d4 Rg3 19. Qd5+ Kh8 20. Kh1 Rxh3+ 21.
gxh3 Bc6 22. Qxc6 bxc6 23. Nf5 Qe8 24. Nxd6 cxd6 25. Bf4 Qh5 26. Kg2 Qd5+ 27.
Kg1 g5 28. Bd2 Rf8 29. Rae1 c5 30. Be3 c4 31. Bf2 g4 32. h4 Qf3 33. Re3 Qf4 34.
Kg2 Rg8 35. Bg1 Qh6 36. Kg3 Qg6 37. Re6 Qd3+ 38. Re3 Qxf1 0-1

[Event "corr 41. DFM/Endrunde"]
[Site "BdF-Schachserver"]
[Date "2011.09.10"]
[Round "?"]
[White "Frericks, Harald"]
[Black "Baron, Marek"]
[Result "1/2-1/2"]
[WhiteElo "2336"]
[BlackElo "2309"]
[PlyCount "43"]
[EventDate "2011.09.12"]
[EventType "tourn (corr)"]
[SourceTitle "OM Corr 202003"]
[Source "Opening Master"]
[SourceDate "2019.05.30"]
[SourceVersion "2"]
[SourceVersionDate "2019.05.30"]
[SourceQuality "1"]

1. e4 e5 2. Nf3 Nc6 3. c3 Nf6 4. d4 exd4 5. e5 Nd5 6. cxd4 d6 7. Bb5 Be7 8. Nc3
a6 9. Ba4 Be6 10. O-O O-O 11. Re1 b5 12. exd6 cxd6 13. Bc2 Ncb4 14. Bb3 Rc8 15.
Bd2 Nxc3 16. Bxc3 Nd5 17. Bd2 Bf6 18. a4 Qb6 19. Bg5 Qd8 20. Bd2 Qb6 21. Bg5
Qd8 22. Bd2 1/2-1/2

[Event "ZN-2011-0-01686"]
[Site "Lechenicher SchachServer"]
[Date "2011.09.09"]
[Round "?"]
[White "Newton, Daryl"]
[Black "Schoenbuchner, Gert"]
[Result "0-1"]
[WhiteElo "600"]
[BlackElo "982"]
[PlyCount "64"]
[EventDate "2011.09.05"]

1. e4 e5 2. Nf3 Nc6 3. c3 d6 4. d4 exd4 5. cxd4 Bg4 6. Be2 Qd7 7. Nc3 O-O-O 8.
a4 Nf6 9. Be3 Kb8 10. Qb1 h6 11. b4 Re8 12. b5 Ne7 13. a5 b6 14. O-O Ng6 15.
Re1 Qe7 16. axb6 cxb6 17. Qa2 Rc8 18. Na4 Qb7 19. Rac1 Nxe4 20. Qa3 d5 21. Qb3
Bd6 22. Nd2 Bxe2 23. Rxe2 Rxc1+ 24. Nf1 Rhc8 25. Bxc1 Rxc1 26. Qe3 Bf4 27. Qb3
Ne7 28. f3 Nd2 29. Rxd2 Bxd2 30. Qd3 Bg5 31. Qh7 Be3+ 32. Kh1 Rxf1# 0-1

[Event "Kstovo op"]
[Site "Kstovo"]
[Date "2011.09.07"]
[Round "5"]
[White "Sorokin, Nikolay A"]
[Black "Shilnikov, Igor S"]
[Result "1-0"]
[WhiteElo "1739"]
[BlackElo "1865"]
[PlyCount "41"]
[EventDate "2011.09.03"]
[EventType "swiss"]
[EventRounds "9"]
[EventCountry "RUS"]
[SourceTitle "EXT 2014"]
[Source "ChessBase"]
[SourceDate "2013.11.20"]
[SourceVersion "1"]
[SourceVersionDate "2013.11.20"]
[SourceQuality "1"]

1. e4 e5 2. Nf3 Nc6 3. c3 d5 4. exd5 Qxd5 5. d4 exd4 6. cxd4 Nf6 7. a3 Bg4 8.
Be2 Qe6 9. O-O Be7 10. Nc3 Rd8 11. Be3 O-O 12. Qa4 a6 13. Rad1 Nd5 14. Qb3 Na5
15. Qa4 Nxe3 16. d5 Nxd5 17. Nxd5 Rxd5 18. Rxd5 Qxd5 19. Qxg4 Rd8 20. b4 Nc6
21. Bc4 1-0

[Event "Drammens schakklubs høstturnering 2011"]
[Site "Drammen"]
[Date "2011.09.06"]
[Round "7"]
[White "Andersson, Øivind"]
[Black "Holm, Karl Oskar Magnus"]
[Result "1/2-1/2"]
[WhiteElo "1134"]
[BlackElo "1055"]
[PlyCount "83"]
[EventDate "2011.??.??"]

1. e4 e5 2. Nf3 Nc6 3. c3 Nf6 4. Qc2 d5 5. d3 Be6 6. Be2 Bd6 7. Bd2 Ne7 8. O-O
c6 9. Bg5 Ng6 10. Ne1 h6 11. Bd2 Nf4 12. Bxf4 exf4 13. Nf3 Bc7 14. e5 Nd7 15.
d4 Qe7 16. Nbd2 O-O-O 17. a4 h5 18. b4 a6 19. Nb3 b5 20. Nc5 Nxc5 21. bxc5 Kd7
22. Rfb1 Rb8 23. Bd3 g6 24. h4 f6 25. exf6 Qxf6 26. Ng5 Rhg8 27. Re1 Rbe8 28.
axb5 axb5 29. Ra7 Bf5 30. Bxf5+ Qxf5 31. Qxf5+ gxf5 32. Kf1 Rxe1+ 33. Kxe1 Re8+
34. Kf1 Kc8 35. Ra8+ Kd7 36. Rxe8 Kxe8 37. Ke2 Ba5 38. Kd3 Ke7 39. Nf3 Bc7 40.
Ng1 Kf6 41. Nf3 Ke6 42. Ng1 1/2-1/2

[Event "Kstovo op"]
[Site "Kstovo"]
[Date "2011.09.05"]
[Round "3"]
[White "Kruchinin, Anatoly V"]
[Black "Novgorodskij, Maksim"]
[Result "1-0"]
[WhiteElo "1703"]
[BlackElo "1609"]
[PlyCount "37"]
[EventDate "2011.09.03"]
[EventType "swiss"]
[EventRounds "9"]
[EventCountry "RUS"]
[SourceTitle "EXT 2014"]
[Source "ChessBase"]
[SourceDate "2013.11.20"]
[SourceVersion "1"]
[SourceVersionDate "2013.11.20"]
[SourceQuality "1"]

1. e4 e5 2. Nf3 Nc6 3. c3 Nf6 4. d3 Bc5 5. h3 O-O 6. b4 Bb6 7. a4 a6 8. Bg5 Ba7
9. Be2 b5 10. Nbd2 Bb7 11. O-O h6 12. Bh4 g5 13. Bg3 d6 14. Nh2 Kg7 15. h4 Rg8
16. h5 Ne7 17. Ng4 Nxg4 18. Bxg4 Bc8 19. Qf3 1-0

[Event "SRB-chT"]
[Site "Valjevo"]
[Date "2011.09.01"]
[Round "6.3"]
[White "Predojevic, Borki"]
[Black "Pavlovic, Milos"]
[Result "1/2-1/2"]
[WhiteElo "2643"]
[BlackElo "2541"]
[PlyCount "22"]
[EventDate "2011.08.27"]
[EventType "team-tourn"]
[EventRounds "11"]
[EventCountry "SRB"]
[SourceTitle "CBM 144 Extra"]
[Source "ChessBase"]
[SourceDate "2011.10.28"]
[SourceVersion "1"]
[SourceVersionDate "2011.10.28"]
[SourceQuality "1"]
[WhiteTeam "Nis"]
[BlackTeam "Belgrade Lasta"]
[WhiteTeamCountry "SRB"]
[BlackTeamCountry "SRB"]

1. e4 e5 2. Nf3 Nc6 3. c3 Nf6 4. d3 d5 5. Nbd2 a5 6. Be2 Bc5 7. O-O O-O 8. a4
Re8 9. exd5 Qxd5 10. Nc4 e4 11. dxe4 Qxd1 1/2-1/2

[Event "SRB-chT"]
[Site "Valjevo"]
[Date "2011.08.31"]
[Round "5.2"]
[White "Ninov, Nikolai"]
[Black "Blagojevic, Dragisa"]
[Result "1/2-1/2"]
[WhiteElo "2518"]
[BlackElo "2516"]
[PlyCount "87"]
[EventDate "2011.08.27"]
[EventType "team-tourn"]
[EventRounds "11"]
[EventCountry "SRB"]
[SourceTitle "CBM 144 Extra"]
[Source "ChessBase"]
[SourceDate "2011.10.28"]
[SourceVersion "1"]
[SourceVersionDate "2011.10.28"]
[SourceQuality "1"]
[WhiteTeam "Belgrade Cirilo i Metodije"]
[BlackTeam "Kragujevac Radnicki"]
[WhiteTeamCountry "SRB"]
[BlackTeamCountry "SRB"]

1. e4 e5 2. Nf3 Nc6 3. c3 Nf6 4. d4 Nxe4 5. d5 Nb8 6. Bd3 Nc5 7. Nxe5 Nxd3+ 8.
Nxd3 Be7 9. Be3 O-O 10. O-O d6 11. Qf3 Nd7 12. Bd4 Bf6 13. Bxf6 Qxf6 14. Nd2
Qxf3 15. Nxf3 Nb6 16. Nf4 Bg4 17. Rfd1 g5 18. Ne2 Bxf3 19. gxf3 Rfe8 20. Nd4
Re5 21. c4 Nxc4 22. Rac1 Nb6 23. Rxc7 Rb8 24. Nc2 Nxd5 25. Rd7 Rc8 26. Nd4 Nf4
27. Rxd6 Rcc5 28. Kf1 Red5 29. Nb3 Rxd1+ 30. Rxd1 Rc2 31. Rd2 Rc7 32. Ke1 Kg7
33. Rd6 Rc2 34. Nd4 Rc5 35. Kd2 a6 36. Rb6 Rd5 37. Ke3 Re5+ 38. Kd2 Rd5 39. Ke3
Ra5 40. Rxb7 Rxa2 41. Ke4 Ra5 42. b3 Ra2 43. h4 h6 44. hxg5 1/2-1/2

[Event "RM-2011-0-00078"]
[Site "Lechenicher SchachServer"]
[Date "2011.08.30"]
[Round "?"]
[White "Nichols, Scott"]
[Black "Szabo, Vilmos"]
[Result "1/2-1/2"]
[WhiteElo "2240"]
[BlackElo "2404"]
[PlyCount "81"]
[EventDate "2011.04.24"]
[SourceTitle "OM Corr 202003"]
[Source "Opening Master"]
[SourceDate "2019.05.30"]
[SourceVersion "2"]
[SourceVersionDate "2019.05.30"]
[SourceQuality "1"]

1. e4 e5 2. Nf3 Nc6 3. c3 d5 4. Qa4 f6 5. d3 Be6 6. Be2 Nge7 7. b4 a6 8. O-O g5
9. Rd1 g4 10. Nfd2 d4 11. Nb3 b5 12. Qa3 Ng6 13. Qb2 Qd7 14. a4 bxa4 15. Rxa4
dxc3 16. Nxc3 Nd4 17. Na5 Kf7 18. Nc4 Rb8 19. Bf1 c5 20. Rxa6 cxb4 21. Nd5 Bxd5
22. exd5 Qxd5 23. Be3 Bc5 24. g3 Kg7 25. Bg2 Qd7 26. Qd2 Rhc8 27. Bh6+ Kf7 28.
Bg5 Ne6 29. Be3 b3 30. Rb1 Bxe3 31. Qxe3 Nd4 32. Nd6+ Kg7 33. Nxc8 Rxc8 34. Rb6
Rc7 35. Qe4 h5 36. h3 Ne7 37. Kh2 gxh3 38. Bxh3 Qd8 39. R6xb3 Nxb3 40. Rxb3 Qd5
41. Rb1 1/2-1/2